[Event "DEM U14w 2021"]
[Site "Willingen GER"]
[Date "2021.08.24"]
[Round "3"]
[White "Labuda, Annika"]
[Black "Hubert, Charlotte"]
[Result "0-1"]
[Termination "normal"]
[Board "8"]
[WhiteElo "1284"]
[BlackElo "1545"]
[WhiteClock "00:21:26"]
[BlackClock "00:22:24"]
[PlyCount "118"]
[WhiteFideId "16261453"]
[BlackFideId "16265920"]
[EventCountry "GER"]
[EventRounds "9"]
[EventType "swiss"]
[EventDate "2021.08.22"]

1. e4 {[%clk 01:30:57]} {[%emt 00:00:03]} c5 {[%clk 01:30:52]} {[%emt
00:00:09]} 2. Nf3 {[%clk 01:31:16]} {[%emt 00:00:10]} d6 {[%clk 01:31:17]}
{[%emt 00:00:05]} 3. d4 {[%clk 01:31:32]} {[%emt 00:00:14]} cxd4 {[%clk
01:31:38]} {[%emt 00:00:10]} 4. Nxd4 {[%clk 01:31:57]} {[%emt 00:00:05]} Nf6
{[%clk 01:31:56]} {[%emt 00:00:12]} 5. Nc3 {[%clk 01:32:14]} {[%emt 00:00:14]}
a6 {[%clk 01:32:20]} {[%emt 00:00:06]} 6. f3 {[%clk 01:32:33]} {[%emt
00:00:10]} e5 {[%clk 01:32:29]} {[%emt 00:00:21]} 7. Nb3 {[%clk 01:32:53]}
{[%emt 00:00:09]} Be6 {[%clk 01:32:24]} {[%emt 00:00:36]} 8. Be3 {[%clk
01:33:09]} {[%emt 00:00:14]} Be7 {[%clk 01:32:44]} {[%emt 00:00:09]} 9. Qd2
{[%clk 01:33:25]} {[%emt 00:00:13]} h5 {[%clk 01:33:06]} {[%emt 00:00:09]} 10.
O-O-O {[%clk 01:33:07]} {[%emt 00:00:47]} Nbd7 {[%clk 01:33:11]} {[%emt
00:00:26]} 11. a4 {[%clk 01:27:03]} {[%emt 00:06:35]} Qc7 {[%clk 01:15:55]}
{[%emt 00:17:46]} 12. Qd3 {[%clk 01:08:39]} {[%emt 00:18:52]} Rc8 {[%clk
01:00:03]} {[%emt 00:16:23]} 13. a5 {[%clk 00:58:32]} {[%emt 00:10:37]} Bxb3
{[%clk 00:54:50]} {[%emt 00:05:42]} 14. cxb3 {[%clk 00:58:29]} {[%emt
00:00:34]} Qxa5 {[%clk 00:54:37]} {[%emt 00:00:43]} 15. Kb1 {[%clk 00:51:39]}
{[%emt 00:07:19]} O-O {[%clk 00:48:58]} {[%emt 00:06:09]} 16. g3 {[%clk
00:44:20]} {[%emt 00:07:50]} Nc5 {[%clk 00:41:12]} {[%emt 00:08:15]} 17. Bxc5
{[%clk 00:44:03]} {[%emt 00:00:47]} Rxc5 {[%clk 00:40:35]} {[%emt 00:01:08]}
18. Na4 {[%clk 00:39:42]} {[%emt 00:04:51]} Rc6 {[%clk 00:37:25]} {[%emt
00:03:39]} 19. Bh3 {[%clk 00:37:50]} {[%emt 00:02:21]} Rd8 {[%clk 00:33:47]}
{[%emt 00:04:09]} 20. Nc3 {[%clk 00:32:37]} {[%emt 00:05:43]} Qb4 {[%clk
00:28:59]} {[%emt 00:05:18]} 21. Nd5 {[%clk 00:30:18]} {[%emt 00:02:48]} Nxd5
{[%clk 00:29:15]} {[%emt 00:00:15]} 22. Qxd5 {[%clk 00:29:52]} {[%emt
00:00:56]} Rc5 {[%clk 00:29:15]} {[%emt 00:00:31]} 23. Qd3 {[%clk 00:29:51]}
{[%emt 00:00:30]} Rb5 {[%clk 00:28:58]} {[%emt 00:00:48]} 24. Ka2 {[%clk
00:28:58]} {[%emt 00:01:23]} Qa5+ {[%clk 00:28:01]} {[%emt 00:01:27]} 25. Kb1
{[%clk 00:29:03]} {[%emt 00:00:25]} Qb6 {[%clk 00:28:15]} {[%emt 00:00:16]} 26.
Ka2 {[%clk 00:28:16]} {[%emt 00:01:16]} a5 {[%clk 00:28:08]} {[%emt 00:00:37]}
27. Rd2 {[%clk 00:26:17]} {[%emt 00:02:30]} Ra8 {[%clk 00:27:57]} {[%emt
00:00:41]} 28. Bd7 {[%clk 00:24:24]} {[%emt 00:02:22]} Rc5 {[%clk 00:24:25]}
{[%emt 00:04:03]} 29. Rc2 {[%clk 00:18:24]} {[%emt 00:06:29]} Rd8 {[%clk
00:17:36]} {[%emt 00:07:20]} 30. Bh3 {[%clk 00:17:24]} {[%emt 00:01:29]} d5
{[%clk 00:10:34]} {[%emt 00:07:33]} 31. Rxc5 {[%clk 00:16:21]} {[%emt
00:01:34]} Qxc5 {[%clk 00:10:51]} {[%emt 00:00:11]} 32. exd5 {[%clk 00:16:05]}
{[%emt 00:00:46]} Rxd5 {[%clk 00:11:06]} {[%emt 00:00:15]} 33. Qf5 {[%clk
00:14:11]} {[%emt 00:02:23]} g6 {[%clk 00:07:03]} {[%emt 00:04:35]} 34. Qc8+
{[%clk 00:13:54]} {[%emt 00:00:47]} Qxc8 {[%clk 00:07:22]} {[%emt 00:00:11]}
35. Bxc8 {[%clk 00:14:17]} {[%emt 00:00:07]} b6 {[%clk 00:07:27]} {[%emt
00:00:24]} 36. Re1 {[%clk 00:13:06]} {[%emt 00:01:37]} Bd6 {[%clk 00:06:35]}
{[%emt 00:01:26]} 37. Ba6 {[%clk 00:11:10]} {[%emt 00:02:27]} Kg7 {[%clk
00:03:32]} {[%emt 00:03:32]} 38. Rc1 {[%clk 00:10:33]} {[%emt 00:01:07]} Bc5
{[%clk 00:03:21]} {[%emt 00:00:41]} 39. Rc2 {[%clk 00:09:11]} {[%emt 00:01:51]}
f5 {[%clk 00:01:58]} {[%emt 00:01:53]} 40. Bc4 {[%clk 00:08:38]} {[%emt
00:01:03]} Rd4 {[%clk 00:01:23]} {[%emt 00:01:06]} 41. Be2 {[%clk 00:01:48]}
{[%emt 00:07:18]} Kf6 {[%clk 00:29:38]} {[%emt 00:02:16]} 42. h3 {[%clk
00:30:41]} {[%emt 00:01:36]} Kg5 {[%clk 00:27:15]} {[%emt 00:02:53]} 43. h4+
{[%clk 00:25:39]} {[%emt 00:05:32]} Kf6 {[%clk 00:27:39]} {[%emt 00:00:07]} 44.
Kb1 {[%clk 00:25:36]} {[%emt 00:00:34]} f4 {[%clk 00:24:46]} {[%emt 00:03:23]}
45. gxf4 {[%clk 00:22:38]} {[%emt 00:03:29]} Rxf4 {[%clk 00:24:54]} {[%emt
00:00:21]} 46. Rc4 {[%clk 00:22:28]} {[%emt 00:00:40]} Rxc4 {[%clk 00:25:11]}
{[%emt 00:00:13]} 47. bxc4 {[%clk 00:22:51]} {[%emt 00:00:07]} Bf2 {[%clk
00:25:34]} {[%emt 00:00:06]} 48. Kc2 {[%clk 00:23:01]} {[%emt 00:00:22]} Bxh4
{[%clk 00:25:02]} {[%emt 00:01:00]} 49. Kd3 {[%clk 00:23:12]} {[%emt 00:00:19]}
Kf5 {[%clk 00:24:44]} {[%emt 00:00:48]} 50. b3 {[%clk 00:23:27]} {[%emt
00:00:16]} Kf4 {[%clk 00:24:43]} {[%emt 00:00:30]} 51. Kc3 {[%clk 00:23:26]}
{[%emt 00:00:32]} Ke3 {[%clk 00:24:22]} {[%emt 00:00:51]} 52. Bd3 {[%clk
00:23:28]} {[%emt 00:00:27]} g5 {[%clk 00:24:09]} {[%emt 00:00:44]} 53. Kc2
{[%clk 00:23:19]} {[%emt 00:00:38]} Kxf3 {[%clk 00:23:50]} {[%emt 00:00:49]}
54. Bg6 {[%clk 00:23:33]} {[%emt 00:00:16]} Kg4 {[%clk 00:24:15]} {[%emt
00:00:05]} 55. Kd3 {[%clk 00:23:43]} {[%emt 00:00:21]} Bg3 {[%clk 00:24:01]}
{[%emt 00:00:43]} 56. Ke4 {[%clk 00:23:24]} {[%emt 00:00:49]} Kh4 {[%clk
00:23:03]} {[%emt 00:01:29]} 57. Kf3 {[%clk 00:22:37]} {[%emt 00:01:17]} g4+
{[%clk 00:22:20]} {[%emt 00:01:12]} 58. Kg2 {[%clk 00:22:45]} {[%emt 00:00:22]}
Kg5 {[%clk 00:22:12]} {[%emt 00:00:38]} 59. Be4 {[%clk 00:21:26]} {[%emt
00:01:49]} Kf4 {[%clk 00:22:24]} {[%emt 00:00:18]} 0-1

[Event "DEM U14w 2021"]
[Site "Willingen GER"]
[Date "2021.08.24"]
[Round "3"]
[White "Malmström, Eva"]
[Black "Wilmink, Anna"]
[Result "0-1"]
[Termination "normal"]
[Board "9"]
[WhiteElo "1348"]
[BlackElo "1565"]
[WhiteClock "00:32:36"]
[BlackClock "00:18:56"]
[PlyCount "74"]
[WhiteFideId "34607072"]
[BlackFideId "16273680"]
[EventCountry "GER"]
[EventRounds "9"]
[EventType "swiss"]
[EventDate "2021.08.22"]

1. e4 {[%clk 01:30:59]} c6 {[%clk 01:30:53]} {[%emt 00:00:08]} 2. d4 {[%clk
01:31:03]} {[%emt 00:00:25]} d5 {[%clk 01:31:16]} {[%emt 00:00:07]} 3. Nc3
{[%clk 01:30:49]} {[%emt 00:00:44]} dxe4 {[%clk 01:31:35]} {[%emt 00:00:10]} 4.
Nxe4 {[%clk 01:31:10]} {[%emt 00:00:10]} Nf6 {[%clk 01:31:53]} {[%emt
00:00:12]} 5. Nc3 {[%clk 01:30:45]} {[%emt 00:00:54]} Bf5 {[%clk 01:30:13]}
{[%emt 00:02:10]} 6. Nf3 {[%clk 01:30:31]} {[%emt 00:00:43]} e6 {[%clk
01:29:47]} {[%emt 00:00:58]} 7. Bd3 {[%clk 01:30:34]} {[%emt 00:00:26]} Bxd3
{[%clk 01:28:52]} {[%emt 00:01:25]} 8. cxd3 {[%clk 01:30:13]} {[%emt 00:00:50]}
Nbd7 {[%clk 01:27:08]} {[%emt 00:02:15]} 9. O-O {[%clk 01:30:03]} {[%emt
00:00:39]} Be7 {[%clk 01:26:16]} {[%emt 00:01:24]} 10. Qb3 {[%clk 01:29:50]}
{[%emt 00:00:42]} Nb6 {[%clk 01:24:47]} {[%emt 00:02:00]} 11. Bf4 {[%clk
01:28:14]} {[%emt 00:02:05]} O-O {[%clk 01:23:19]} {[%emt 00:02:00]} 12. a4
{[%clk 01:27:12]} {[%emt 00:01:31]} Qd7 {[%clk 01:19:08]} {[%emt 00:04:41]} 13.
a5 {[%clk 01:24:50]} {[%emt 00:02:53]} Nbd5 {[%clk 01:17:16]} {[%emt 00:02:22]}
14. Ne5 {[%clk 01:21:42]} {[%emt 00:03:37]} Qc8 {[%clk 01:14:39]} {[%emt
00:03:08]} 15. Nxd5 {[%clk 01:19:38]} {[%emt 00:02:32]} Nxd5 {[%clk 01:13:14]}
{[%emt 00:01:56]} 16. Bg3 {[%clk 01:19:38]} {[%emt 00:00:28]} Rd8 {[%clk
01:04:36]} {[%emt 00:09:09]} 17. Rfe1 {[%clk 01:16:59]} {[%emt 00:03:08]} Nc7
{[%clk 00:56:55]} {[%emt 00:08:13]} 18. Nxf7 {[%clk 01:02:00]} {[%emt
00:15:28]} Kxf7 {[%clk 00:50:36]} {[%emt 00:06:50]} 19. Bxc7 {[%clk 01:02:02]}
{[%emt 00:00:26]} Qxc7 {[%clk 00:49:12]} {[%emt 00:01:55]} 20. Qxe6+ {[%clk
01:01:21]} {[%emt 00:01:10]} Kf8 {[%clk 00:45:20]} {[%emt 00:04:23]} 21. Qf5+
{[%clk 01:00:57]} {[%emt 00:00:54]} Kg8 {[%clk 00:43:10]} {[%emt 00:02:39]} 22.
Qe6+ {[%clk 01:00:02]} {[%emt 00:01:25]} Kf8 {[%clk 00:42:04]} {[%emt
00:01:37]} 23. Re4 {[%clk 00:54:40]} {[%emt 00:05:52]} Qd7 {[%clk 00:35:20]}
{[%emt 00:07:14]} 24. Rf4+ {[%clk 00:53:38]} {[%emt 00:01:31]} Bf6 {[%clk
00:34:42]} {[%emt 00:01:08]} 25. Qe4 {[%clk 00:52:20]} {[%emt 00:01:47]} Kg8
{[%clk 00:29:10]} {[%emt 00:06:04]} 26. a6 {[%clk 00:43:27]} {[%emt 00:09:23]}
bxa6 {[%clk 00:27:14]} {[%emt 00:02:25]} 27. Rxa6 {[%clk 00:43:29]} {[%emt
00:00:28]} Re8 {[%clk 00:26:08]} {[%emt 00:01:36]} 28. g3 {[%clk 00:33:08]}
{[%emt 00:10:50]} Rxe4 {[%clk 00:25:38]} {[%emt 00:01:01]} 29. Rxe4 {[%clk
00:33:19]} {[%emt 00:00:18]} Qb7 {[%clk 00:23:49]} {[%emt 00:02:19]} 30. Ra2
{[%clk 00:32:56]} {[%emt 00:00:53]} Qb3 {[%clk 00:23:22]} {[%emt 00:00:57]} 31.
Ra1 {[%clk 00:32:04]} {[%emt 00:01:22]} Qxb2 {[%clk 00:22:58]} {[%emt
00:00:54]} 32. Rae1 {[%clk 00:32:21]} {[%emt 00:00:12]} Bxd4 {[%clk 00:20:47]}
{[%emt 00:02:42]} 33. R1e2 {[%clk 00:32:30]} {[%emt 00:00:21]} Qb1+ {[%clk
00:19:30]} {[%emt 00:01:48]} 34. Re1 {[%clk 00:32:34]} {[%emt 00:00:25]} Qxd3
{[%clk 00:19:20]} {[%emt 00:00:40]} 35. Rg4 {[%clk 00:32:47]} {[%emt 00:00:16]}
Qd2 {[%clk 00:18:54]} {[%emt 00:00:56]} 36. Ree4 {[%clk 00:32:12]} {[%emt
00:01:04]} Qxf2+ {[%clk 00:18:36]} {[%emt 00:00:50]} 37. Kh1 {[%clk 00:32:36]}
{[%emt 00:00:04]} Qg1# {[%clk 00:18:56]} {[%emt 00:00:12]} 0-1

[Event "DEM U14w 2021"]
[Site "Willingen GER"]
[Date "2021.08.24"]
[Round "3"]
[White "Hellenbroich, Helene"]
[Black "Marrufo, Emilia"]
[Result "1-0"]
[Termination "normal"]
[Board "12"]
[WhiteElo "1378"]
[BlackElo "1020"]
[WhiteClock "00:06:37"]
[BlackClock "00:32:37"]
[PlyCount "103"]
[WhiteFideId "16270754"]
[BlackFideId "16287363"]
[EventCountry "GER"]
[EventRounds "9"]
[EventType "swiss"]
[EventDate "2021.08.22"]

1. e4 {[%clk 01:30:55]} {[%emt 00:00:04]} e5 {[%clk 01:30:41]} {[%emt
00:00:20]} 2. Nf3 {[%clk 01:31:16]} {[%emt 00:00:08]} Nc6 {[%clk 01:30:27]}
{[%emt 00:00:45]} 3. Bc4 {[%clk 01:31:38]} {[%emt 00:00:08]} Bc5 {[%emt
00:01:18]} 4. c3 {[%clk 01:30:40]} {[%emt 00:00:33]} Nf6 {[%clk 01:30:35]}
{[%emt 00:00:30]} 5. d3 {[%clk 01:30:15]} {[%emt 00:00:53]} d6 {[%clk
01:30:29]} {[%emt 00:00:36]} 6. Bb3 {[%clk 01:29:47]} {[%emt 00:00:59]} Bg4
{[%clk 01:28:41]} {[%emt 00:02:16]} 7. Nbd2 {[%clk 01:28:54]} {[%emt 00:01:24]}
a6 {[%clk 01:24:50]} {[%emt 00:04:22]} 8. Nf1 {[%clk 01:23:56]} {[%emt
00:05:28]} Qd7 {[%clk 01:24:16]} {[%emt 00:01:04]} 9. Ne3 {[%clk 01:14:29]}
{[%emt 00:09:58]} Be6 {[%clk 01:23:48]} {[%emt 00:00:57]} 10. Bc2 {[%clk
01:12:29]} {[%emt 00:02:31]} O-O-O {[%clk 01:19:51]} {[%emt 00:04:26]} 11. Bd2
{[%clk 01:08:45]} {[%emt 00:04:14]} d5 {[%clk 01:13:06]} {[%emt 00:07:16]} 12.
b4 {[%clk 00:58:06]} {[%emt 00:11:07]} Ba7 {[%clk 01:10:57]} {[%emt 00:02:39]}
13. a4 {[%clk 00:57:42]} {[%emt 00:00:55]} d4 {[%clk 01:10:50]} {[%emt
00:00:37]} 14. Nc4 {[%clk 00:51:17]} {[%emt 00:06:54]} dxc3 {[%clk 01:09:38]}
{[%emt 00:01:43]} 15. Bxc3 {[%clk 00:50:00]} {[%emt 00:01:46]} Qe8 {[%clk
01:07:18]} {[%emt 00:02:50]} 16. Qe2 {[%clk 00:43:51]} {[%emt 00:06:39]} Nd4
{[%emt 00:02:55]} 17. Nxd4 {[%clk 00:42:24]} {[%emt 00:01:24]} exd4 {[%clk
01:05:33]} {[%emt 00:00:24]} 18. Bd2 {[%clk 00:40:29]} {[%emt 00:02:25]} Bxc4
{[%clk 01:05:10]} {[%emt 00:00:51]} 19. dxc4 {[%clk 00:40:33]} {[%emt
00:00:28]} Qd7 {[%clk 01:02:50]} {[%emt 00:02:48]} 20. Bd3 {[%clk 00:39:39]}
{[%emt 00:01:25]} Rhe8 {[%clk 01:01:28]} {[%emt 00:01:51]} 21. f3 {[%clk
00:38:23]} {[%emt 00:01:49]} Nh5 {[%clk 00:59:14]} {[%emt 00:02:44]} 22. g4
{[%clk 00:33:58]} {[%emt 00:04:54]} Nf6 {[%clk 00:58:22]} {[%emt 00:01:22]} 23.
e5 {[%clk 00:33:35]} {[%emt 00:00:53]} Ng8 {[%clk 00:57:29]} {[%emt 00:01:22]}
24. Bf5 {[%clk 00:31:53]} {[%emt 00:02:12]} Re6 {[%clk 00:55:49]} {[%emt
00:02:11]} 25. Bxe6 {[%clk 00:31:54]} {[%emt 00:00:29]} Qxe6 {[%clk 00:56:10]}
{[%emt 00:00:08]} 26. f4 {[%clk 00:27:13]} {[%emt 00:05:12]} d3 {[%clk
00:54:27]} {[%emt 00:02:12]} 27. Qe4 {[%clk 00:26:29]} {[%emt 00:01:15]} g6
{[%clk 00:54:23]} {[%emt 00:00:33]} 28. f5 {[%clk 00:24:55]} {[%emt 00:02:05]}
gxf5 {[%clk 00:53:39]} {[%emt 00:01:14]} 29. Qxf5 {[%clk 00:23:25]} {[%emt
00:01:59]} Qxf5 {[%clk 00:52:03]} {[%emt 00:03:30]} 30. gxf5 {[%clk 00:25:33]}
{[%emt 00:00:07]} Bd4 {[%clk 00:51:45]} {[%emt 00:00:47]} 31. Ra3 {[%clk
00:23:07]} {[%emt 00:02:58]} Bxe5 {[%clk 00:51:04]} {[%emt 00:01:11]} 32. Bc3
{[%clk 00:22:30]} {[%emt 00:01:07]} Bf4 {[%clk 00:50:15]} {[%emt 00:01:09]} 33.
Bd2 {[%clk 00:18:58]} {[%emt 00:04:12]} Be5 {[%clk 00:50:17]} {[%emt 00:00:28]}
34. Be3 {[%clk 00:18:53]} {[%emt 00:00:36]} Kb8 {[%clk 00:49:34]} {[%emt
00:01:12]} 35. Kd2 {[%clk 00:19:03]} {[%emt 00:00:20]} Nf6 {[%clk 00:47:57]}
{[%emt 00:02:07]} 36. Bg5 {[%clk 00:17:07]} {[%emt 00:02:25]} Ne4+ {[%clk
00:46:41]} {[%emt 00:01:46]} 37. Ke3 {[%clk 00:16:51]} {[%emt 00:00:48]} Nxg5
{[%clk 00:46:46]} {[%emt 00:00:26]} 38. Rxd3 {[%clk 00:16:43]} {[%emt
00:00:38]} Re8 {[%clk 00:46:13]} {[%emt 00:01:02]} 39. Kf2 {[%clk 00:15:02]}
{[%emt 00:02:12]} Bd6 {[%clk 00:41:10]} {[%emt 00:05:32]} 40. c5 {[%clk
00:12:58]} {[%emt 00:02:35]} Be5 {[%clk 00:40:05]} {[%emt 00:01:28]} 41. Re1
{[%clk 00:11:57]} {[%emt 00:01:37]} Nh3+ {[%clk 00:38:10]} {[%emt 00:02:25]}
42. Rxh3 {[%clk 00:11:35]} {[%emt 00:00:53]} Bd4+ {[%clk 00:36:48]} {[%emt
00:01:51]} 43. Kf1 {[%clk 00:11:44]} {[%emt 00:00:22]} Rd8 {[%clk 00:35:48]}
{[%emt 00:01:29]} 44. Rxh7 {[%clk 00:10:43]} {[%emt 00:01:32]} f6 {[%clk
00:35:02]} {[%emt 00:01:13]} 45. Ree7 {[%clk 00:08:20]} {[%emt 00:02:55]} Be5
{[%clk 00:34:23]} {[%emt 00:01:06]} 46. b5 {[%clk 00:07:25]} {[%emt 00:01:29]}
axb5 {[%clk 00:34:04]} {[%emt 00:00:50]} 47. axb5 {[%clk 00:07:46]} {[%emt
00:00:08]} Rc8 {[%clk 00:32:49]} {[%emt 00:01:44]} 48. h4 {[%clk 00:07:13]}
{[%emt 00:01:04]} Bd4 {[%clk 00:31:57]} {[%emt 00:01:19]} 49. b6 {[%clk
00:06:09]} {[%emt 00:01:36]} cxb6 {[%clk 00:32:02]} {[%emt 00:00:25]} 50. Rxb7+
{[%clk 00:06:17]} {[%emt 00:00:23]} Ka8 {[%clk 00:32:20]} {[%emt 00:00:12]} 51.
Ra7+ {[%clk 00:06:37]} {[%emt 00:00:09]} Kb8 {[%clk 00:32:37]} {[%emt
00:00:13]} 52. Rhb7# {[%emt 00:00:40]} 1-0

[Event "DEM U14w 2021"]
[Site "Willingen GER"]
[Date "2021.08.24"]
[Round "3"]
[White "Heuberger, Sandra"]
[Black "Fiedler, Annabelle"]
[Result "1-0"]
[Termination "normal"]
[Board "13"]
[WhiteElo "1110"]
[BlackElo "937"]
[WhiteClock "00:41:53"]
[BlackClock "01:18:28"]
[PlyCount "91"]
[WhiteFideId "16232151"]
[BlackFideId "34605835"]
[EventCountry "GER"]
[EventRounds "9"]
[EventType "swiss"]
[EventDate "2021.08.22"]

1. d4 {[%clk 01:30:57]} {[%emt 00:00:02]} d5 {[%clk 01:30:56]} {[%emt
00:00:04]} 2. c4 {[%clk 01:31:21]} {[%emt 00:00:07]} e6 {[%clk 01:31:23]}
{[%emt 00:00:03]} 3. Nc3 {[%clk 01:31:41]} {[%emt 00:00:09]} Nf6 {[%clk
01:31:46]} {[%emt 00:00:07]} 4. Bg5 {[%clk 01:32:01]} {[%emt 00:00:10]} Be7
{[%clk 01:32:09]} {[%emt 00:00:07]} 5. e3 {[%clk 01:32:13]} {[%emt 00:00:18]}
O-O {[%clk 01:32:21]} {[%emt 00:00:19]} 6. Nf3 {[%clk 01:32:21]} {[%emt
00:00:22]} c6 {[%clk 01:32:26]} {[%emt 00:00:25]} 7. Bd3 {[%clk 01:31:58]}
{[%emt 00:00:53]} dxc4 {[%clk 01:32:50]} {[%emt 00:00:06]} 8. Bxc4 {[%clk
01:32:15]} {[%emt 00:00:13]} Nbd7 {[%clk 01:33:09]} {[%emt 00:00:12]} 9. O-O
{[%clk 01:32:24]} {[%emt 00:00:21]} b5 {[%clk 01:33:35]} {[%emt 00:00:04]} 10.
Bd3 {[%clk 01:31:58]} {[%emt 00:00:56]} a6 {[%clk 01:33:50]} {[%emt 00:00:15]}
11. Qc2 {[%clk 01:30:52]} {[%emt 00:01:36]} Bb7 {[%clk 01:33:50]} {[%emt
00:00:30]} 12. Rad1 {[%clk 01:29:23]} {[%emt 00:01:58]} Qb6 {[%clk 01:33:47]}
{[%emt 00:00:34]} 13. Rfe1 {[%clk 01:26:38]} {[%emt 00:03:15]} c5 {[%clk
01:33:03]} {[%emt 00:01:14]} 14. Ne4 {[%clk 01:18:17]} {[%emt 00:08:51]} g6
{[%clk 01:31:04]} {[%emt 00:02:29]} 15. dxc5 {[%clk 01:12:51]} {[%emt
00:05:57]} Qc7 {[%clk 01:30:05]} {[%emt 00:01:28]} 16. Rc1 {[%clk 01:10:01]}
{[%emt 00:03:21]} Rac8 {[%clk 01:29:45]} {[%emt 00:00:50]} 17. Nxf6+ {[%clk
01:03:45]} {[%emt 00:06:45]} Bxf6 {[%clk 01:30:00]} {[%emt 00:00:15]} 18. Bxf6
{[%clk 00:55:13]} {[%emt 00:09:02]} Nxf6 {[%clk 01:29:56]} {[%emt 00:00:34]}
19. b4 {[%clk 00:54:05]} {[%emt 00:01:39]} Rfd8 {[%clk 01:27:45]} {[%emt
00:02:40]} 20. Red1 {[%clk 00:50:20]} {[%emt 00:04:15]} Ng4 {[%clk 01:27:36]}
{[%emt 00:00:38]} 21. Be4 {[%clk 00:47:37]} {[%emt 00:03:14]} Bd5 {[%clk
01:26:18]} {[%emt 00:01:48]} 22. Bxd5 {[%clk 00:45:46]} {[%emt 00:02:22]} exd5
{[%clk 01:26:22]} {[%emt 00:00:25]} 23. h3 {[%clk 00:44:57]} {[%emt 00:01:19]}
Nf6 {[%clk 01:25:58]} {[%emt 00:00:54]} 24. a4 {[%clk 00:44:34]} {[%emt
00:00:53]} Qc6 {[%clk 01:23:47]} {[%emt 00:02:41]} 25. Nd4 {[%clk 00:44:18]}
{[%emt 00:00:46]} Qe8 {[%clk 01:23:40]} {[%emt 00:00:31]} 26. axb5 {[%clk
00:44:23]} {[%emt 00:00:30]} axb5 {[%clk 01:24:02]} {[%emt 00:00:08]} 27. c6
{[%clk 00:44:25]} {[%emt 00:00:28]} Ne4 {[%clk 01:22:57]} {[%emt 00:01:34]} 28.
Nxb5 {[%clk 00:42:38]} {[%emt 00:02:17]} Ra8 {[%clk 01:20:17]} {[%emt
00:03:10]} 29. Nc7 {[%clk 00:42:05]} {[%emt 00:01:03]} Qe5 {[%clk 01:20:27]}
{[%emt 00:00:21]} 30. Nxa8 {[%clk 00:42:06]} {[%emt 00:00:28]} Rxa8 {[%clk
01:20:39]} {[%emt 00:00:18]} 31. c7 {[%clk 00:42:16]} {[%emt 00:00:21]} Rc8
{[%clk 01:20:58]} {[%emt 00:00:11]} 32. b5 {[%clk 00:41:51]} {[%emt 00:00:55]}
Nd6 {[%clk 01:18:57]} {[%emt 00:02:31]} 33. Qc6 {[%clk 00:39:56]} {[%emt
00:02:23]} Nc4 {[%clk 01:17:55]} {[%emt 00:01:33]} 34. Rxd5 {[%clk 00:39:41]}
{[%emt 00:00:45]} Na5 {[%clk 01:15:32]} {[%emt 00:02:53]} 35. Rxe5 {[%clk
00:39:32]} {[%emt 00:00:39]} Nxc6 {[%clk 01:15:54]} {[%emt 00:00:08]} 36. Rxc6
{[%clk 00:39:51]} {[%emt 00:00:10]} Kg7 {[%clk 01:16:12]} {[%emt 00:00:13]} 37.
b6 {[%clk 00:40:13]} {[%emt 00:00:08]} Rf8 {[%clk 01:16:14]} {[%emt 00:00:28]}
38. c8=Q {[%clk 00:40:30]} {[%emt 00:00:12]} Rxc8 {[%clk 01:16:41]} {[%emt
00:00:05]} 39. Rxc8 {[%clk 00:40:48]} {[%emt 00:00:11]} Kf6 {[%clk 01:17:07]}
{[%emt 00:00:04]} 40. Rec5 {[%clk 00:41:03]} {[%emt 00:00:15]} Ke6 {[%clk
01:17:26]} {[%emt 00:00:11]} 41. b7 {[%clk 00:41:27]} {[%emt 00:00:06]} Kf6
{[%clk 01:17:39]} {[%emt 00:00:17]} 42. b8=Q {[%clk 00:41:38]} {[%emt
00:00:19]} Kg7 {[%clk 01:17:55]} {[%emt 00:00:14]} 43. Qe5+ {[%clk 00:41:53]}
{[%emt 00:00:15]} Kh6 {[%clk 01:18:03]} {[%emt 00:00:23]} 44. Qf4+ {[%clk
00:41:32]} {[%emt 00:00:50]} Kg7 {[%clk 01:18:24]} {[%emt 00:00:09]} 45. R5c7
{[%clk 00:41:34]} {[%emt 00:00:28]} h6 {[%clk 01:18:28]} {[%emt 00:00:26]} 46.
Rxf7# {[%clk 00:41:53]} {[%emt 00:00:10]} 1-0